Most Appearances in UEFA Team of the Year 2001-2013 - Statistics

General Stats
  • This quiz has been taken 864 times
  • The average score is 19 of 33
Answer Stats
Appearances Answer % Correct
5 Lionel Messi
100%
8 Cristiano Ronaldo
99%
5 Xavi Hernandez
87%
4 Andrés Iniesta
86%
6 Iker Casillas
77%
3 Sergio Ramos
76%
3 Gianluigi Buffon
73%
3 Ronaldinho
71%
5 Thierry Henry
71%
3 Gerard Piqué
68%
3 Steven Gerrard
68%
3 Zinedine Zidane
68%
6 Carles Puyol
66%
3 Kaká
64%
3 Dani Alves
61%
3 Zlatan Ibrahimović
58%
2 Paolo Maldini
56%
2 Franck Ribéry
52%
4 John Terry
52%
2 David Beckham
51%
4 Philipp Lahm
50%
2 Samuel Eto'o
50%
2 Roberto Carlos
44%
4 Alessandro Nesta
41%
2 Andriy Shevchenko
40%
3 Thiago Silva
36%
2 Cafu
33%
2 Gareth Bale
33%
2 Ashley Cole
30%
3 Pavel Nedvěd
26%
2 Clarence Seedorf
25%
2 Cesc Fàbregas
21%
2 Mesut Özil
21%
No matching quizzes found
Score Distribution
Percent of People with Each Score
Percentile by Number Answered
Your Score History
You have not taken this quiz